| 000 | 00366nam a22001457a 4500 | ||
|---|---|---|---|
| 003 | OSt | ||
| 005 | 20160727222343.0 | ||
| 008 | 160620b xxu||||| |||| 00| 0 eng d | ||
| 040 | _ctest | ||
| 100 |
_9174 _aRow, H |
||
| 245 | _aAnswer Key. Grade 3 Mathematics - 2 | ||
| 260 |
_aHorrpor and row _c1985 |
||
| 300 | _aAnswer Key. Grade 3 Mathematics - 2 | ||
| 942 |
_2ddc _cBK |
||
| 999 |
_c142 _d142 |
||